000 00424nam a2200181Ia 4500
001 11536
005 20260306162835.0
008 260306t1994||||xx |||||||||||||| ||spa||
041 _aESP
082 _a985.072
_bG86
100 _aGuerra Martiniere, Margarita
_eAUT
245 0 _aManuel A. Odría
260 _c1994
300 _a126 páginas :
_c21 cm.
650 _aGEN
654 _aCHU
942 _cLIB
_dJUS
_fJUS
_2ddc
_n
999 _c11536
_d11536